00616nam a2200217Ia 450000500170000000800410001702000130005804000190007104100120009008200150010210000250011724500830014225000120022526000380023730000180027550400270029365000220032065100220034270000240036485000100038820240305094017.0131103s9999 xx 000 0 und d a9.78E+12 aLoreto College aEnglish a004.6bFOR aForouzan, Behrouz A. aData communications and networkingcBehrouz A. Forouzan and Sophia Chung Fegan a4th ed. aNew DelhibTata McGraw-Hillc2006 axxxiv,1134p.  aSpecial Indian edition aComputer Networks aComputer Security aFegan, Sophia Chung aLCLIB